002220000a220007300045001000019000002450045000193000037000647730047001011 aKer, Donald P.10aPaul and apollos : Colleagues or rivals? aNúm 77 (2000), Páginas 75-970 tJournal for the Study of the New Testament